Trilogues (Record no. 5007)

MARC details
000 -CABECERA
campo de control de longitud fija 02356nam a2200313 i 4500
001 - NÚMERO DE CONTROL
campo de control 17615321
005 - FECHA Y HORA DE LA ÚLTIMA TRANSACCIÓN
campo de control 20251006121829.0
006 - CÓDIGOS DE INFORMACIÓN DE LONGITUD FIJA--CARACTERÍSTICAS DEL MATERIAL ADICIONAL
campo de control de longitud fija m o d
007 - CAMPO FIJO DE DESCRIPCIÓN FÍSICA--INFORMACIÓN GENERAL
campo de control de longitud fija cr||||||||||||
008 - DATOS DE LONGITUD FIJA--INFORMACIÓN GENERAL
campo de control de longitud fija 230525s2025||||enk o ||1 0|eng|d
020 ## - NÚMERO INTERNACIONAL ESTÁNDAR DEL LIBRO
Número Internacional Estándar del Libro 9781009445207
035 ## - NÚMERO DE CONTROL DEL SISTEMA
Número de control de sistema (UkCbUP)CR9781009445238
040 ## - FUENTE DE LA CATALOGACIÓN
Centro catalogador/agencia de origen UkCbUP
Lengua de catalogación eng
Normas de descripción rda
Centro/agencia transcriptor UkCbUP
041 ## - CÓDIGO DE LENGUA
Código de lengua del texto/banda sonora o título independiente eng
043 ## - CÓDIGO DE ÁREA GEOGRÁFICA
Código de área geográfica e------
050 00 - SIGNATURA TOPOGRÁFICA DE LA BIBLIOTECA DEL CONGRESO
Número de clasificación KJE5349
Número de documento/Ítem .R84 2025
100 ## - ENTRADA PRINCIPAL--NOMBRE DE PERSONA
Nombre de persona Rugge, Giacomo
Término indicativo de función/relación author
9 (RLIN) 26010
245 10 - MENCIÓN DE TÍTULO
Título Trilogues
Resto del título : the democratic secret of European legislation
Mención de responsabilidad, etc. / Giacomo Rugge.
260 ## - PUBLICACIÓN, DISTRIBUCIÓN, ETC.
Lugar de publicación, distribución, etc. Cambridge ; New York, NY :
Nombre del editor, distribuidor, etc. Cambridge University Press,
Fecha de publicación, distribución, etc. 2025.
300 ## - DESCRIPCIÓN FÍSICA
Extensión xviii, 229 pages ;
Dimensiones 24 cm.
490 ## - MENCIÓN DE SERIE
Mención de serie Cambridge studies in European law and policy
500 ## - NOTA GENERAL
Nota general Title from publisher's bibliographic system (viewed on 10 Jan 2025).
505 0# - NOTA DE CONTENIDO CON FORMATO
Nota de contenido con formato A historical reconstruction -- Setting the stage : the European institutional triangle -- Unpacking the law and practice of trilogues -- Trilogues : informality meets positive law -- Inter-chamber coordination in a comparative perspective -- Trilogues and European democracy.
520 ## - SUMARIO, ETC.
Sumario, etc. The events of the last ten years have shaken the "permissive consensus" that kept the European integration process going for many years. 'Output democracy', as based on decisions presumably meeting the needs of the citizens, is no longer enough to obtain public support. Never before has a process-oriented approach to European democracy been more urgent. This book aims to address this urgency, by providing an account of the European legislative process that is less conventional and does justice to the democratic potential inherent in trilogues. In particular, this book provides: a comprehensive reconstruction of the workings of trilogues, relying on internal documents collected through a series of access to documents requests; gives meaning to the legal notion of informality, understood as one of the most defining, although elusive, features of trilogues; squares the practice of trilogues with the European democratic order of the Treaties, showing that such a practice is compatible with a model of 'negotiation democracy'.
590 ## - NOTA LOCAL (RLIN)
Nota local Access is available to the Yale community.
650 #0 - PUNTO DE ACCESO ADICIONAL DE MATERIA--TÉRMINO DE MATERIA
Término de materia o nombre geográfico como elemento de entrada Legislation
Subdivisión geográfica European Union countries
9 (RLIN) 26011
650 #0 - PUNTO DE ACCESO ADICIONAL DE MATERIA--TÉRMINO DE MATERIA
Término de materia o nombre geográfico como elemento de entrada Democracy
Subdivisión geográfica European Union countries
9 (RLIN) 26012
942 ## - ELEMENTOS DE ENTRADA AGREGADA (KOHA)
Fuente del sistema de clasificación o colocación Clasificación de Library of Congress
Holdings
Estado de retiro Estado de pérdida Fuente del sistema de clasificación o colocación Estado dañado No para préstamo Biblioteca de origen Biblioteca actual Fecha de adquisición Total de préstamos Signatura topográfica completa Código de barras Fecha visto por última vez Número de copia Precio válido a partir de Tipo de ítem Koha
    Clasificación de Library of Congress     TBS Barcelona TBS Barcelona 06/10/2025   KJE5349 RUG B07654 06/10/2025 1 06/10/2025 Book

Powered by Koha